• 首页
  • 本馆介绍
  • 公告通知
  • 最新文献
  • 馆藏检索
  • 电子资源
  • 读者导购
  • 参考咨询
  • 我的图书馆
  • 登录
  • 详细信息显示
  • 放入我的书架
  • 预约/预借图书
  • 作者相关作品
  • 分类相关作品
  • 丛书相关作品
  • 出版社相关作品

书目信息

  • 表格格式
  • 工作单格式
  • 卡片格式
题名:
农业文化遗产保护的多方参与机制
    
 
作者: 闵庆文 , 钟秋毫 主编
分册:  
出版信息: 北京   中国环境科学出版社  2006
页数: 15,335页
开本: 21cm
丛书名: 农业文化遗产研究丛书
单 册:
中图分类: S964.2-53 , S-53
科图分类:
主题词: 农业--文化遗产--保护--文集 , 农业 , 文化遗产 , 稻田养鱼--研究 , 稻田养鱼
电子资源:
ISBN: 7-80209-377-5
000 01382oam2 2200325 450
001 003283591
005 20070805094232.89
010    @a7-80209-377-5@dCNY30.00
100    @a20060124d2006 em y0chiy0110 ea
101 0  @achi@eeng
102    @aCN@b110000
105    @ay z 000yy
200 1  @a农业文化遗产保护的多方参与机制@9nong ye wen hua yi chan bao hu de duo fang can yu ji zhi@e“稻鱼共生系统”全球重要农业文化遗产保护多方参与机制研讨会文集@f闵庆文,钟秋毫主编
210    @a北京@c中国环境科学出版社@d2006
215    @a15,335页@d21cm
225 2  @a农业文化遗产研究丛书
330    @a本书收集了2006年7月由联合国粮家组织、农业部国际合作司主办,浙江省青田县人民政府等多家单位承办的“全球重要农业文化遗产‘稻鱼共生系统’多方参与机制研讨会”与会代表所提供的交流材料,及其他有关研究成果和报道材料。
461  0 @12001 @a农业文化遗产研究丛书
517 1  @a“稻鱼共生系统”全球重要农业文化遗产保护多方参与机制研讨会文集@9“ dao yu gong sheng xi tong ” quan qiu zhong yao nong ye wen hua yi chan bao hu duo fang can yu ji zhi yan tao hui wen ji
606 0  @a农业@x文化遗产@x保护@j文集
606 0  @a农业
606 0  @a文化遗产
606 0  @a稻田养鱼@x研究
606 0  @a稻田养鱼
690    @aS964.2-53@v4
690    @aS-53@v4
701  0 @a闵庆文@9min qing wen@4主编
701  0 @a钟秋毫@9zhong qiu hao@4主编
801  0 @aCN@bNLC@c20070805
905    @a10447@dS-53@e39
    
    农业文化遗产保护的多方参与机制:“稻鱼共生系统”全球重要农业文化遗产保护多方参与机制研讨会文集/闵庆文,钟秋毫主编.-北京:中国环境科学出版社,2006
    15,335页;21cm.-(农业文化遗产研究丛书)
    
    
    ISBN 7-80209-377-5:CNY30.00
    本书收集了2006年7月由联合国粮家组织、农业部国际合作司主办,浙江省青田县人民政府等多家单位承办的“全球重要农业文化遗产‘稻鱼共生系统’多方参与机制研讨会”与会代表所提供的交流材料,及其他有关研究成果和报道材料。
●
相关链接 在E读中查询图书 在五车中查询图书 在当当中查询图书 在豆瓣中查询图书


正题名:农业文化遗产保护的多方参与机制     索取号:S-53/39         预约/预借

序号 登录号 条形码 馆藏地/架位号 状态 备注
1 0807843   208078435   第二样本阅览室/ [索取号:S-53/39] 在馆    
2 0807844   208078444   第三借阅区/ [索取号:S-53/39] 在馆    
唐山师范学院图书馆 欢迎您!
大连网信软件有限公司© 版权所有